| 000 | 00623nam a2200181 u 4500 | ||
|---|---|---|---|
| 001 | 000020426 | ||
| 005 | 20200929170419.0 | ||
| 008 | 100813s2015 dr 000 0 spa d | ||
| 020 | _a9789945852448 | ||
| 040 |
_aDO-SdBNP _bspa _cBNPHU |
||
| 082 |
_axxxx _bxxxx |
||
| 100 | 1 |
_aMéndez Velasco, Neptalí _943094 |
|
| 245 | 1 | 0 |
_aManual de prácticas de laboratorio de bioquímica / _cNeptalí Mendez Velasco. |
| 260 |
_aSanto Domingo : _bUniversidad Adventista Dominicana, _c2015. |
||
| 300 |
_a61 p. : _bil. ; _c29 cm. |
||
| 590 | _aLa biblioteca posee un volumen autográfiado por el autor | ||
| 504 | _aBibliografía : p. 56 | ||
| 999 |
_c19930 _d19930 |
||